| 000 | 00584nam a2200145 i 4500 | ||
|---|---|---|---|
| 001 | 25699 | ||
| 003 | ES-MaACL | ||
| 005 | 20230906153321.0 | ||
| 007 | t| | ||
| 008 | 030102s1907 sp ||||1| spa d | ||
| 100 | 1 |
_aAristizabal, José Manuel de. _922858 |
|
| 245 | 1 | 3 |
_aEl matrimonio según los principios de la ley natural _b: memoria presentada por José Manuel de Aristizabal para la obtención del grado de Doctor en Derecho / _cJosé Manuel de Aristizabal. |
| 260 |
_aMadrid : _b[s.n., _c1907] ( _fImp. del Asilo de Huérfanos del S. C. de Jesús) |
||
| 852 |
_aES-MaACL _jT-1124-F-6 |
||
| 999 |
_c25699 _d25699 |
||